000 01097naa a2200265 c 4500
001 46668
003 ES-MaCES
005 20151211104254.0
008 151113s2015 sp ||||| t||||||| ||spa d
040 _aES-MaCES
_bspa
_cES-MaCES
_dES-MaCES
041 0 _aspa
100 1 _98673
_aCairós Barreto, Dulce María
245 1 3 _aEl concepto funcional del empresario.
_bLas grandes cuestiones del Derecho del Trabajo. El marco legal de la igualdad. De nuevo sobre las fronteras del Derecho del Trabajo
_cDulce María Cairós Barreto
650 4 _928178
_aempresa
650 4 _928188
_aempresario
650 4 _927165
_aderecho del trabajo
650 4 _928369
_arelaciones laborales
650 4 _929924
_aderechos de los trabajadores
650 4 _927873
_alibro
650 4 _926967
_aReino Unido
653 1 0 _aDerecho del trabajo y Seguridad Social
773 0 _983592
_dLas Rozas, Madrid Wolters Kluwer España 2015-
_o086492
_tTrabajo y derecho
_w(ES-MaCES)45892
_gn. 10 (oct. 2015) {55/1129 R. 086492} ;p. 134-141
902 _aART Artículo de revista
942 _2CES
_cAR
_h6.0.1.
999 _c46668
_d46668